000 00933nam a22002777a 4500
005 20260121152027.0
008 260121t2007 sp ||||| |||| 00| 0 spa d
020 _a978-84-9110-062
040 _aIste
041 _aspa
044 _asp
082 _a612.7
_bT171
100 _aTarantino, Francisco
_cAutor
_eAutor
_99001
245 _aEntrenamiento propioceptivo:
_bprincipios en el diseño de ejercicios y guías prácticas.
250 _a1a. ed.
260 _aMadrid - España
_bMedica Panamericana
_c2017
300 _a178 páginas,
_bgráficos, ilustraciones, tablas.
650 _aBASES FISIOLÓGICAS
_99002
650 _aSISTEMA PROPIOCEPTIVO
_99003
650 _aDISEÑO DE LOS EJERCICIOS
_99004
650 _aZONAS ABDOMINAL, LUMBAR Y PÉLVICA
_99005
650 _aEXTREMIDADES INFERIORES
_99006
653 _aTECNOLOGÍA Y CIENCIAS MÉDICAS
653 _aTERAPÉUTICA
942 _2udc
_cLB
_zUCat
999 _c1788
_d1788